Indian takeaways to hit UK harder (Record no. 73279)

MARC details
000 -LEADER
fixed length control field 01160cam a2200217 4500
008 - FIXED-LENGTH DATA ELEMENTS--GENERAL INFORMATION
fixed length control field 030827n2003 000 0 eng u
035 ## - SYSTEM CONTROL NUMBER
System control number (Sirsi) u123372
245 ## - TITLE STATEMENT
Title Indian takeaways to hit UK harder
260 ## - PUBLICATION, DISTRIBUTION, ETC.
Date of publication, distribution, etc. 2003
490 ## - SERIES STATEMENT
Series statement Estates Gazette
Volume/sequential designation (0334) 23 August 2003, 9(1)
520 ## - SUMMARY, ETC.
Summary, etc. India Property Research (IPR) estimates that there is now 3m sq ft of new demand from London occupiers in India as financial services follow the trend to move operations to the developing world. IPR is run by EG Group's Geoff Marsh in London and Tanaji Chakrabati in India. These findings are backed up by research by consultant McKinsey and Co for the West Bengal government which reveals that 90% of the companies expressing interest in outsourcing operations in the region were from the UK. It is estimated that over 15m sq ft of office space in the UK will be lost to the Indian subcontinent.
590 ## - LOCAL NOTE (RLIN)
Local note WB
650 ## - SUBJECT ADDED ENTRY--TOPICAL TERM
Topical term or geographic name entry element INDIA
650 ## - SUBJECT ADDED ENTRY--TOPICAL TERM
Topical term or geographic name entry element OFFICE SPACE
650 ## - SUBJECT ADDED ENTRY--TOPICAL TERM
Topical term or geographic name entry element OUTSOURCING
650 ## - SUBJECT ADDED ENTRY--TOPICAL TERM
Topical term or geographic name entry element OFFICE OCCUPIERS
650 ## - SUBJECT ADDED ENTRY--TOPICAL TERM
Topical term or geographic name entry element LONDON
650 ## - SUBJECT ADDED ENTRY--TOPICAL TERM
Topical term or geographic name entry element UNITED KINGDOM
690 ## - LOCAL SUBJECT ADDED ENTRY--TOPICAL TERM (OCLC, RLIN)
Topical term or geographic name as entry element PROPERTY-COMMERCIAL PROPERTY-COMMERCIAL PROPERTY MARKET
942 ## - ADDED ENTRY ELEMENTS (KOHA)
Suppress in OPAC 0
Holdings
Withdrawn status Lost status Source of classification or shelving scheme Damaged status Not for loan Home library Current library Shelving location Date acquired Total Checkouts Barcode Date last seen Copy number Price effective from Koha item type
    Dewey Decimal Classification     London London News article 27/08/2003   123372-1001 06/08/2019 1 06/08/2019 News article